000 00483cam a22002051 4500
001 sa 68007088
003 DLC
005 20260227112520.0
008 881028s1963 xx 000 0 benr
010 _asa 68007088
035 _a(OCoLC)23580376
040 _aDLC
_cMiU
_dDLC
042 _apremarc
050 0 0 _aPK1718.B36
_bB5
100 1 _aBasu, Ajit Krishna,
_d1912-
245 1 0 _aBidhātā.
260 _a[n.p.]
_c[1963]
300 _a191 p.
_c22 cm.
500 _aRomanized.
999 _c81613
_d81613